Fabiola /

Uloženo v:
Podrobná bibliografie
Další autoři: Blasetti, Alessandro, (1900-1987) (Režisér, Scénárista), Ferrero, Willy (Dirigent), Fabbri, Diego (Scénárista), Tofano, Sergio (Účinkující), Craveri, Mario (Fotograf), Girotti, Massimo, (1918-2003) (Účinkující), D'Angelo, Salvo (Producent, výrobce), Cervi, Gino, (1901-1974) (Účinkující), Masetti, Enzo (Dirigent), Cegani, Elisa (Účinkující), Chiari, Mario, (1909-1989) (Scénárista), Ninchi, Carlo (Účinkující), Stoppa, Paolo, (1906-1988) (Účinkující), Morgan, Michèle, (1920-2016 attrice) (Účinkující), Vidal, Henry (Účinkující), Salou, Louis (Účinkující), Simon, Michel, (1895-1975) (Účinkující)
Médium: Video
Jazyk:italština
Vydáno: Italia : DomoVideo, 199.
Edice:Cinema Italia
Tagy: Přidat tag
Žádné tagy, Buďte první, kdo vytvoří štítek k tomuto záznamu!

MARC

LEADER 00000ngm a22000007i 4500
001 IT\ICCU\DDS\0172260
003 ItRI
005 20260124182806.0
008 151215q19901999it |||||||||||||||k|||||c
028 4 2 |a 21102  |b Domovideo 
040 |b ita 
041 7 |a ita  |2 ISO-639-2 
100 1 |a Blasetti, Alessandro,  |d  (1900-1987)  |0 IT\ICCU\RAVV\054055  |4 drt 
245 1 0 |a Fabiola /  |c regia: Alessandro Blasetti ; soggetto: dal romanzo di Nicholas Wiseman ; sceneggiatura: Alessandro Blasetti, Mario Chiari, Diego Fabbri ; fotografia: Marco Craveri ; musica: Enzo Masetti ; produttore: Salvo D'Angelo : cast: Michèle Morgan, Michel Simon, Gino Cervi ... [et al.]. 
260 |a Italia :  |b DomoVideo,  |c 199. 
300 |a 1 Videocassetta (VHS (videocassette)) (119 min.) :  |b Azione dal vivo, Bianco e nero, Suono sul supporto, Elettrica/analogica, 625 PAL 
500 |a c1949 Universalia. -durata: 119 min. 
700 1 |a Ferrero, Willy  |0 IT\ICCU\CAGV\407255  |4 cnd 
700 1 |a Fabbri, Diego  |0 IT\ICCU\CFIV\011285  |4 sce 
700 1 |a Tofano, Sergio  |0 IT\ICCU\CFIV\057132  |4 prf 
700 1 |a Craveri, Mario  |0 IT\ICCU\LO1V\272303  |4 pht 
700 1 |a Girotti, Massimo,  |d  (1918-2003)  |0 IT\ICCU\MILV\024843  |4 prf 
700 1 |a D'Angelo, Salvo  |0 IT\ICCU\MODV\654361  |4 pro 
700 1 |a Blasetti, Alessandro,  |d  (1900-1987)  |0 IT\ICCU\RAVV\054055  |4 sce 
700 1 |a Wiseman, Nicholas Patrick Stephen  |0 IT\ICCU\RAVV\062007  |4 ant 
700 1 |a Cervi, Gino,  |d  (1901-1974)  |0 IT\ICCU\RAVV\089231  |4 prf 
700 1 |a Masetti, Enzo  |0 IT\ICCU\RAVV\089369  |4 cnd 
700 1 |a Cegani, Elisa  |0 IT\ICCU\RAVV\094849  |4 prf 
700 1 |a Chiari, Mario,  |d  (1909-1989)  |0 IT\ICCU\RAVV\283948  |4 sce 
700 1 |a Ninchi, Carlo  |0 IT\ICCU\RAVV\355006  |4 prf 
700 1 |a Stoppa, Paolo,  |d  (1906-1988)  |0 IT\ICCU\RMLV\005377  |4 prf 
700 1 |a Morgan, Michèle,  |d  (1920-2016  |c attrice)  |0 IT\ICCU\UBOV\682899  |4 prf 
700 1 |a Vidal, Henry  |0 IT\ICCU\UBOV\682908  |4 prf 
700 1 |a Salou, Louis  |0 IT\ICCU\UBOV\682909  |4 prf 
700 1 |a Simon, Michel,  |d  (1895-1975)  |0 IT\ICCU\UBOV\710474  |4 prf 
710 2 |a Domovideo  |0 IT\ICCU\VEAV\037712  |4 pbl 
790 0 |a Sto  |3 IT\ICCU\CFIV\057133  |z Tofano, Sergio 
790 1 |a Wiseman, Nicholas  |3 IT\ICCU\CFIV\155233  |z Wiseman, Nicholas Patrick Stephen 
790 1 |a Wiseman, Nicholas Patrick  |3 IT\ICCU\CFIV\155288  |z Wiseman, Nicholas Patrick Stephen 
790 1 |a Wiseman, Niccolò  |3 IT\ICCU\CFIV\317165  |z Wiseman, Nicholas Patrick Stephen 
790 1 |a Wisemann, Nicola  |3 IT\ICCU\RAVV\093652  |z Wiseman, Nicholas Patrick Stephen 
790 1 |a Wiseman, Nicola  |3 IT\ICCU\SBNV\031301  |z Wiseman, Nicholas Patrick Stephen 
790 1 |a Masetti, E.,  |d  (1893-1961)  |3 IT\ICCU\UTOV\580317  |z Masetti, Enzo 
790 1 |a Roussel, Simone Renée  |3 IT\ICCU\SBNV\054228  |z Morgan, Michèle (1920-2016 ; attrice) 
830 0 |a Cinema Italia  |0 IT\ICCU\DDS\1580007 
942 |2 ddc  |c VM  |n 0 
952 |0 0  |1 0  |4 0  |6 VO_30_000000000000000  |7 0  |9 26325  |a BO  |b BO  |d 2026-01-24  |i 6184  |l 0  |o VO 30  |p BO6184  |r 2026-01-24 18:28:06  |w 2026-01-24  |x [Sebina 5] [1 videocassetta]  |y VM  |z 1 videocassetta 
999 |c 22244  |d 22244